Most Populous African Country By Letter - Statistics

General Stats
  • This quiz has been taken 39 times
  • The average score is 13 of 16
Answer Stats
Letter Country Population % Correct
A Algeria 45,753,509
94%
D Democratic Republic of the Congo 96,511,548
94%
K Kenya 56,645,588
94%
N Nigeria 218,625,385
94%
S South Africa 61,081,076
94%
U Uganda 49,333,704
94%
Z Zambia 19,652,620
94%
E Ethiopia 121,922,416
90%
T Tanzania 63,931,876
90%
R Rwanda 13,736,863
84%
L Libya 7,093,307
77%
C Cameroon 29,434,823
74%
M Morocco 37,945,593
74%
G Ghana 32,642,373
71%
I Ivory Coast 27,974,485
71%
B Burkina Faso 22,313,534
61%
No matching quizzes found
Score Distribution
Percent of People with Each Score
Percentile by Number Answered
Your Score History
You have not taken this quiz